[Event "22MCRW_F"]
[Site "?"]
[Date "2010.??.??"]
[Round "?"]
[White "Nejtek, Jiri"]
[Black "Binas, Jindrich"]
[Result "1/2-1/2"]
[WhiteElo "2449"]
[BlackElo "2197"]
[PlyCount "68"]
[EventDate "2010.??.??"]
[EventType "corr"]
[EventRounds "1"]
[SourceDate "2010.03.27"]

1. Nf3 Nf6 2. d4 e6 3. g3 d5 4. Bg2 Be7 5. O-O O-O 6. c4 dxc4 7. Qc2 a6 8. a4
Bd7 9. Qxc4 Bc6 10. Bf4 a5 11. Nc3 Nbd7 12. Qd3 Bd6 13. Bxd6 cxd6 14. Rfc1 Qb6
15. Nd2 d5 16. e3 Rfc8 17. Ne2 Qd8 18. Qa3 Rc7 19. Rc2 Rac8 20. b4 axb4 21.
Qxb4 Qf8 22. Qb2 h6 23. a5 Ne8 24. Bf1 Nd6 25. Nf4 Qd8 26. Qa3 Nf6 27. Qb4 Ra8
28. a6 bxa6 29. Rxa6 Rxa6 30. Bxa6 Be8 31. Rxc7 Qxc7 32. Nd3 Nd7 33. Nc5 Qb6
34. Qxb6 Nxb6 1/2-1/2

[Event "22MCRW_F"]
[Site "?"]
[Date "2010.??.??"]
[Round "?"]
[White "Bucek, Jiri"]
[Black "Laurenc, Petr"]
[Result "1/2-1/2"]
[WhiteElo "2412"]
[BlackElo "2349"]
[PlyCount "66"]
[EventDate "2010.??.??"]
[EventType "corr"]
[EventRounds "1"]
[SourceDate "2010.03.27"]

1. e4 e5 2. Nf3 Nc6 3. Bc4 Bc5 4. c3 Nf6 5. d3 d6 6. O-O a6 7. Bb3 Ba7 8. h3 h6
9. Be3 O-O 10. Nbd2 Re8 11. Bxa7 Rxa7 12. Nc4 Be6 13. Ne3 Ra8 14. Re1 Qd7 15.
Bxe6 Qxe6 16. c4 Ne7 17. Nd5 Nexd5 18. cxd5 Qd7 19. d4 exd4 20. Qxd4 Re7 21.
Nd2 Rae8 22. Rac1 Nh5 23. Re3 Nf4 24. Kh2 f5 25. Rce1 Nh5 26. exf5 Rxe3 27.
Rxe3 Rxe3 28. fxe3 Qxf5 29. Ne4 Qf1 30. g4 Qe2+ 31. Kg1 Qe1+ 32. Kg2 Qe2+ 33.
Kg1 Qe1+ 1/2-1/2

[Event "22MCRW_F"]
[Site "?"]
[Date "2010.??.??"]
[Round "?"]
[White "Pravec, Ladislav"]
[Black "Hladecek, Miloslav"]
[Result "1/2-1/2"]
[WhiteElo "2335"]
[BlackElo "2416"]
[PlyCount "36"]
[EventDate "2010.??.??"]
[EventType "corr"]
[EventRounds "1"]
[SourceDate "2010.03.27"]

1. d4 Nf6 2. c4 c5 3. d5 d6 4. Nc3 Bf5 5. f3 g6 6. e4 Bc8 7. f4 Bg7 8. Nf3 O-O
9. Be2 Bg4 10. h3 Bxf3 11. Bxf3 Nbd7 12. Bd2 a6 13. Qc2 Ne8 14. O-O Rb8 15. a4
Qa5 16. Ra3 Bd4+ 17. Kh2 Bg7 18. Re1 Bh8 1/2-1/2

[Event "22MCRW_F"]
[Site "?"]
[Date "2010.??.??"]
[Round "?"]
[White "Kuta, Jiri"]
[Black "Kyhos, Alois"]
[Result "1/2-1/2"]
[WhiteElo "2410"]
[BlackElo "2352"]
[PlyCount "71"]
[EventDate "2010.??.??"]
[EventType "corr"]
[EventRounds "1"]
[SourceDate "2010.03.27"]

1. e4 e5 2. Nf3 Nc6 3. Bb5 a6 4. Ba4 Nf6 5. O-O Be7 6. Re1 b5 7. Bb3 O-O 8. c3
d5 9. exd5 Nxd5 10. Nxe5 Nxe5 11. Rxe5 c6 12. d4 Bd6 13. Re1 Qh4 14. g3 Qh3 15.
Be3 Bg4 16. Qd3 Rae8 17. Nd2 Re6 18. a4 Qh5 19. Bc2 f5 20. f3 Bxg3 21. hxg3 Qh3
22. Qf1 Qxg3+ 23. Qg2 Qxg2+ 24. Kxg2 Nxe3+ 25. Kf2 Nxc2 26. Rxe6 Nxa1 27. axb5
axb5 28. fxg4 fxg4+ 29. Kg3 h5 30. Kh4 Rf5 31. Ne4 Nc2 32. Ng5 g3 33. Re8+ Rf8
34. Re2 Rf2 35. Re8+ Rf8 36. Re2 1/2-1/2

[Event "22MCRW_F"]
[Site "?"]
[Date "2010.??.??"]
[Round "?"]
[White "Hybl, Vladislav"]
[Black "Vozda, Jindrich"]
[Result "1/2-1/2"]
[WhiteElo "2342"]
[BlackElo "2471"]
[PlyCount "90"]
[EventDate "2010.??.??"]
[EventType "corr"]
[EventRounds "1"]
[SourceDate "2010.03.27"]

1. e4 e5 2. Nf3 Nc6 3. Bb5 a6 4. Ba4 Nf6 5. O-O b5 6. Bb3 Bb7 7. d3 Be7 8. Nc3
O-O 9. a4 Na5 10. Ba2 b4 11. Nd5 Nxd5 12. exd5 b3 13. cxb3 Bxd5 14. Nxe5 Bf6
15. Nc4 Nc6 16. Bd2 Rb8 17. Bc3 Bd4 18. Qg4 f5 19. Qf4 Qf6 20. Rac1 Rfe8 21.
Ne3 Be6 22. Rfd1 d6 23. Nc4 g5 24. Qd2 f4 25. Re1 f3 26. b4 Kf8 27. Na5 Qf5 28.
Bxe6 Rxe6 29. Nc4 Rxe1+ 30. Rxe1 Qg4 31. Ne3 Bxe3 32. fxe3 Ke7 33. e4 Nxb4 34.
g3 Nc6 35. Rf1 h5 36. Bg7 h4 37. Qc3 hxg3 38. Qf6+ Kd7 39. Qf7+ Kc8 40. Rxf3
gxh2+ 41. Kxh2 Rb4 42. Qf5+ Qxf5 43. exf5 Kd7 44. Bc3 Rxa4 45. f6 Rf4 1/2-1/2

[Event "22MCRW_F"]
[Site "?"]
[Date "2010.??.??"]
[Round "?"]
[White "Nedoma, Petr"]
[Black "Valak, Alois"]
[Result "1/2-1/2"]
[WhiteElo "2395"]
[BlackElo "2439"]
[PlyCount "72"]
[EventDate "2010.??.??"]
[EventType "corr"]
[EventRounds "1"]
[SourceDate "2010.03.27"]

1. e4 e5 2. Nf3 Nc6 3. Bb5 a6 4. Ba4 Nf6 5. O-O Be7 6. Re1 b5 7. Bb3 d6 8. c3
O-O 9. h3 Bb7 10. d4 Re8 11. Nbd2 Bf8 12. a4 h6 13. Bc2 exd4 14. cxd4 Nb4 15.
Bb1 c5 16. d5 Nd7 17. Ra3 Nb6 18. a5 Nd7 19. Nf1 f5 20. Rae3 fxe4 21. Bxe4 Rxe4
22. Rxe4 Nf6 23. Rh4 Qd7 24. Ne3 Re8 25. Bd2 Nbxd5 26. Nxd5 Rxe1+ 27. Nxe1 Nxd5
28. Qb1 Qf7 29. Re4 Qf5 30. Qd3 Bc6 31. Re2 Qxd3 32. Nxd3 Kf7 33. f3 b4 34. Nf4
Nxf4 35. Bxf4 Bb5 36. Re1 g5 1/2-1/2

[Event "22MCRW_F"]
[Site "?"]
[Date "2010.??.??"]
[Round "?"]
[White "Schwarz, Jan"]
[Black "Machotka, Jaroslav"]
[Result "0-1"]
[WhiteElo "2312"]
[BlackElo "2200"]
[PlyCount "86"]
[EventDate "2010.??.??"]
[EventType "corr"]
[EventRounds "1"]
[SourceDate "2010.03.27"]

1. e4 e5 2. Nf3 Nc6 3. d4 exd4 4. Nxd4 Nf6 5. Nxc6 bxc6 6. e5 Qe7 7. Qe2 Nd5 8.
c4 Ba6 9. b3 g6 10. f4 d6 11. Qf2 Nb6 12. Ba3 f6 13. c5 Bxf1 14. Kxf1 fxe5 15.
cxb6 axb6 16. Qc2 Kd7 17. Bb2 Bh6 18. Qd3 Qe6 19. g3 Qh3+ 20. Kg1 Rhe8 21. Nd2
exf4 22. Bd4 c5 23. Ne4 cxd4 24. Nf6+ Kc8 25. Qf3 d5 26. Nxe8 fxg3 27. hxg3
Be3+ 28. Qxe3 Qxh1+ 29. Kxh1 dxe3 30. Nf6 d4 31. Nd5 Kd7 32. Kg2 Rf8 33. Nf4
Kd6 34. Nd3 Kd5 35. Rf1 Rxf1 36. Kxf1 c5 37. Ke2 h5 38. Kf3 g5 39. Ne1 b5 40.
a4 bxa4 41. bxa4 g4+ 42. Ke2 h4 43. a5 h3 0-1

[Event "22MCRW_F"]
[Site "?"]
[Date "2010.??.??"]
[Round "?"]
[White "Javorsky, Jan"]
[Black "Sykora, Josef"]
[Result "1/2-1/2"]
[WhiteElo "2320"]
[BlackElo "2351"]
[PlyCount "164"]
[EventDate "2010.??.??"]
[EventType "corr"]
[EventRounds "1"]
[SourceDate "2010.03.27"]

1. d4 Nf6 2. c4 e6 3. Nf3 b6 4. e3 Bb7 5. Bd3 d5 6. O-O dxc4 7. Bxc4 a6 8. Qe2
Nbd7 9. Nc3 b5 10. Bb3 c5 11. e4 cxd4 12. Nxd4 Bc5 13. Be3 Qb6 14. Rfd1 O-O 15.
f3 Ne5 16. Rd2 Rfd8 17. Rad1 Rd7 18. Nc2 Rad8 19. Rxd7 Rxd7 20. Bxc5 Qxc5+ 21.
Qe3 Rxd1+ 22. Nxd1 Qxe3+ 23. Ncxe3 Kf8 24. Nc2 Nd3 25. Kf1 Nc1 26. Nf2 Nd7 27.
Ke1 Nxb3 28. axb3 Ke7 29. Kd2 Kd6 30. b4 Ne5 31. Kc3 Ng6 32. Nd4 Bc8 33. Nd3 e5
34. Nb3 Ne7 35. Na5 f5 36. Kd2 fxe4 37. fxe4 g5 38. Ke3 Ng8 39. Ne1 Nh6 40. Nf3
Nf7 41. Ne1 Nd8 42. Kd2 Ne6 43. Kd3 h6 44. Nb3 g4 45. Ke3 h5 46. g3 Ng5 47. Na5
Nf7 48. Nd3 Nd8 49. Nc5 Kc7 50. Kd2 Nf7 51. Ke2 Ng5 52. Ke3 Kd6 53. Nab7+ Kc6
54. Na5+ Kd6 55. Nab3 Kc6 56. Na5+ Kd6 57. Nab3 Kc6 58. Na5+ Kd6 59. Nab3 Kc6
60. Na5+ Kd6 61. Nab3 Kc6 62. Na5+ Kd6 63. Nab3 Kc6 64. Na5+ Kd6 65. Nab3 Nf3
66. h4 Ne1 67. Kd2 Nf3+ 68. Ke2 Ke7 69. Ke3 Kd6 70. Kd3 Ke7 71. Na5 Kd6 72. Ke3
Kc7 73. Ke2 Kd6 74. Nab3 Kc7 75. Na5 Kd6 76. Nab3 Kc7 77. Na5 Kd6 78. Nab3 Kc7
79. Na5 Kd6 80. Nab3 Kc7 81. Na5 Kd6 82. Nab3 Kc7 1/2-1/2

[Event "22MCRW_F"]
[Site "?"]
[Date "2010.??.??"]
[Round "?"]
[White "Machotka, Jaroslav"]
[Black "Javorsky, Jan"]
[Result "1-0"]
[WhiteElo "2200"]
[BlackElo "2320"]
[PlyCount "105"]
[EventDate "2010.??.??"]
[EventType "corr"]
[EventRounds "1"]
[SourceDate "2010.03.27"]

1. e4 e6 2. Nf3 d5 3. Nc3 Nf6 4. exd5 Nxd5 5. d4 Nxc3 6. bxc3 c5 7. Bd3 Be7 8.
O-O O-O 9. Re1 Nc6 10. Be4 Bd6 11. Ng5 h6 12. Nh7 f5 13. Nxf8 fxe4 14. Ng6 Qf6
15. Qg4 cxd4 16. Qxe4 dxc3 17. Bf4 Bxf4 18. Nxf4 e5 19. Nd5 Qf7 20. Rad1 Bf5
21. Qa4 Kh8 22. Nxc3 Qg6 23. Qh4 Re8 24. Qg3 Qf7 25. Rd2 a6 26. a4 Re6 27. Ne4
Rg6 28. Nd6 Qf6 29. Qf3 Bxc2 30. Qxf6 Rxf6 31. a5 Nxa5 32. Nxb7 Nxb7 33. Rxc2
Rb6 34. g3 Re6 35. f4 Re7 36. Rxe5 Rf7 37. Rce2 a5 38. Kf2 Nd6 39. Rxa5 Rc7 40.
Rd5 Nc8 41. Rd8+ Kh7 42. f5 Ne7 43. Rf8 Nd5 44. Ree8 g5 45. Kf3 Kg7 46. Kg4 Rc2
47. Rg8+ Kf7 48. Ref8+ Ke7 49. Kh5 Nf6+ 50. Kg6 Nxg8 51. Rxg8 Rf2 52. Ra8 h5
53. Ra7+ 1-0

[Event "22MCRW_F"]
[Site "?"]
[Date "2010.??.??"]
[Round "?"]
[White "Vozda, Jindrich"]
[Black "Nedoma, Petr"]
[Result "1/2-1/2"]
[WhiteElo "2471"]
[BlackElo "2395"]
[PlyCount "100"]
[EventDate "2010.??.??"]
[EventType "corr"]
[EventRounds "1"]
[SourceDate "2010.03.27"]

1. e4 e5 2. Nf3 Nc6 3. Bb5 a6 4. Ba4 Nf6 5. O-O b5 6. Bb3 d6 7. c3 Be7 8. d4
O-O 9. h3 Bb7 10. Re1 Re8 11. Nbd2 Bf8 12. d5 Nb8 13. Nf1 Nbd7 14. Ng3 h6 15.
Nf5 Nc5 16. Bc2 Qd7 17. N3h4 c6 18. b4 Na4 19. Bxa4 bxa4 20. c4 cxd5 21. cxd5
Rec8 22. Qf3 Qd8 23. Qd3 Qc7 24. Qg3 Kh7 25. Bd2 Qc2 26. Qe3 Nxe4 27. Qxe4 Qxe4
28. Rxe4 g6 29. Ng3 Bxd5 30. Re2 Rc2 31. Be3 Rc4 32. Rd1 Be6 33. Nf3 Rxb4 34.
Rc2 Rc4 35. Rxc4 Bxc4 36. Rd2 f5 37. Rc2 Rc8 38. Bc1 Be6 39. Rxc8 Bxc8 40. Ba3
Kg7 41. Ne2 Kf7 42. Nc3 Bd7 43. Nd2 Ke6 44. Nc4 Bc6 45. f3 Be7 46. Kf2 h5 47.
Nb6 Bd8 48. Nbxa4 Bh4+ 49. Kf1 Bd8 50. Kf2 Bh4+ 1/2-1/2

[Event "22MCRW_F"]
[Site "?"]
[Date "2010.??.??"]
[Round "?"]
[White "Kyhos, Alois"]
[Black "Hybl, Vladislav"]
[Result "0-1"]
[WhiteElo "2352"]
[BlackElo "2342"]
[PlyCount "70"]
[EventDate "2010.??.??"]
[EventType "corr"]
[EventRounds "1"]
[SourceDate "2010.03.27"]

1. e4 c5 2. c3 Nf6 3. e5 Nd5 4. Nf3 Nc6 5. Bc4 Nb6 6. Bb3 d5 7. d4 cxd4 8. cxd4
Bg4 9. Be3 e6 10. O-O Be7 11. h3 Bh5 12. a3 f6 13. exf6 Bxf6 14. Re1 O-O 15. g4
Bg6 16. Qe2 Kh8 17. Nc3 Be4 18. Nd2 Nxd4 19. Bxd4 Bxd4 20. Ndxe4 Nd7 21. Bxd5
exd5 22. Nxd5 Ne5 23. Ne3 Qh4 24. Rad1 Bb6 25. Kg2 Ng6 26. Nd5 Rae8 27. Rf1 h5
28. f4 hxg4 29. Rd3 Qh7 30. Kh2 Nh4 31. Re1 Bd8 32. Kg1 Nf3+ 33. Rxf3 gxf3 34.
Qxf3 Qf5 35. Ng3 Rxe1+ 0-1

[Event "22MCRW_F"]
[Site "?"]
[Date "2010.??.??"]
[Round "?"]
[White "Hladecek, Miloslav"]
[Black "Kuta, Jiri"]
[Result "1/2-1/2"]
[WhiteElo "2416"]
[BlackElo "2410"]
[PlyCount "52"]
[EventDate "2010.??.??"]
[EventType "corr"]
[EventRounds "1"]
[SourceDate "2010.03.27"]

1. d4 Nf6 2. Nf3 d5 3. c4 e6 4. Nc3 Bb4 5. e3 O-O 6. Bd2 c5 7. a3 Bxc3 8. Bxc3
Ne4 9. Rc1 b6 10. dxc5 bxc5 11. Bd3 Nxc3 12. Rxc3 Nd7 13. O-O Rb8 14. b4 cxb4
15. axb4 dxc4 16. Rxc4 Bb7 17. Rd4 Bxf3 18. Qxf3 Qe7 19. Rd1 Nf6 20. b5 Rfc8
21. g3 h6 22. Rc4 Rxc4 23. Bxc4 Rc8 24. Bf1 Nd5 25. Ra1 Rc7 26. Qe4 Qc5 1/2-1/2

[Event "22MCRW_F"]
[Site "?"]
[Date "2010.??.??"]
[Round "?"]
[White "Laurenc, Petr"]
[Black "Pravec, Ladislav"]
[Result "1/2-1/2"]
[WhiteElo "2349"]
[BlackElo "2335"]
[PlyCount "81"]
[EventDate "2010.??.??"]
[EventType "corr"]
[EventRounds "1"]
[SourceDate "2010.03.27"]

1. e4 c5 2. Nf3 Nc6 3. d4 cxd4 4. Nxd4 Nf6 5. Nc3 e5 6. Ndb5 d6 7. Bg5 a6 8.
Na3 b5 9. Bxf6 gxf6 10. Nd5 f5 11. Bd3 Be6 12. O-O Bxd5 13. exd5 Ne7 14. Nxb5
Bg7 15. Nc3 e4 16. Bc4 Qc7 17. Qe2 Bxc3 18. bxc3 O-O 19. Rab1 Kh8 20. Rb3 Rg8
21. g3 Qc5 22. a4 f4 23. Qxe4 fxg3 24. Qd4+ Qxd4 25. cxd4 gxh2+ 26. Kxh2 Rg4
27. Re1 Nf5 28. Rh3 Rag8 29. c3 Rg2+ 30. Kh1 Rxf2 31. Rg1 a5 32. Bd3 Rg7 33.
Bxf5 Rxg1+ 34. Kxg1 Rxf5 35. c4 Kg7 36. Rh4 h5 37. Kg2 Kg6 38. Kg3 Kg7 39. Re4
Kg6 40. Re8 Rg5+ 41. Kf3 1/2-1/2

[Event "22MCRW_F"]
[Site "?"]
[Date "2010.??.??"]
[Round "?"]
[White "Novak, Vratislav"]
[Black "Nejtek, Jiri"]
[Result "1/2-1/2"]
[WhiteElo "2337"]
[BlackElo "2449"]
[PlyCount "70"]
[EventDate "2010.??.??"]
[EventType "corr"]
[EventRounds "1"]
[SourceDate "2010.03.27"]

1. e4 e5 2. Nf3 Nc6 3. Bb5 Nf6 4. O-O Nxe4 5. d4 Nd6 6. Bxc6 dxc6 7. dxe5 Nf5
8. Qxd8+ Kxd8 9. Nc3 Ke8 10. Rd1 h6 11. h3 Be7 12. Ne2 Nh4 13. Nxh4 Bxh4 14.
Be3 Be7 15. Nd4 Bd7 16. Rd2 Rd8 17. Rad1 c5 18. Ne2 b6 19. Nf4 Bc8 20. Nd5 Rd7
21. c4 c6 22. Nxe7 Rxd2 23. Rxd2 Kxe7 24. g4 Rd8 25. Rxd8 Kxd8 26. Kg2 Ke7 27.
Kg3 Be6 28. b3 f6 29. f4 fxe5 30. f5 Bg8 31. Kf3 Kd6 32. Ke4 b5 33. Kd3 Bf7 34.
Bd2 a6 35. a4 bxc4+ 1/2-1/2

[Event "22MCRW_F"]
[Site "?"]
[Date "2010.??.??"]
[Round "?"]
[White "Bucek, Jiri"]
[Black "Novak, Vratislav"]
[Result "1-0"]
[WhiteElo "2412"]
[BlackElo "2337"]
[PlyCount "66"]
[EventDate "2010.??.??"]
[EventType "corr"]
[EventRounds "1"]
[SourceDate "2010.03.27"]

1. e4 c5 2. Nf3 d6 3. d4 cxd4 4. Nxd4 Nf6 5. Nc3 a6 6. Bc4 e6 7. Bb3 Be7 8. f4
Nbd7 9. Qf3 Nc5 10. Be3 Qc7 11. f5 O-O 12. O-O e5 13. Nde2 Nxb3 14. cxb3 b5 15.
Rac1 Qd7 16. g4 h6 17. h4 b4 18. Na4 Qb5 19. g5 hxg5 20. hxg5 Nxe4 21. Qxe4
Qxe2 22. Rce1 d5 23. Rxe2 dxe4 24. Rh2 Bd7 25. f6 Bd8 26. Nc5 Bb5 27. Rff2 Re8
28. Rh5 Bc6 29. Rfh2 gxf6 30. gxf6 Bxf6 31. Rh6 Bg7 32. Rxc6 Rec8 33. Rd6 Rc7
1-0

[Event "22MCRW_F"]
[Site "?"]
[Date "2010.??.??"]
[Round "?"]
[White "Pravec, Ladislav"]
[Black "Binas, Jindrich"]
[Result "1/2-1/2"]
[WhiteElo "2335"]
[BlackElo "2197"]
[PlyCount "61"]
[EventDate "2010.??.??"]
[EventType "corr"]
[EventRounds "1"]
[SourceDate "2010.03.27"]

1. d4 Nf6 2. c4 e6 3. Nf3 d5 4. Nc3 c6 5. e3 Nbd7 6. Bd3 dxc4 7. Bxc4 b5 8. Bd3
Bd6 9. O-O O-O 10. Qc2 Bb7 11. Rd1 a6 12. Ng5 Bxh2+ 13. Kxh2 Ng4+ 14. Kg1 Qxg5
15. f3 Ngf6 16. e4 Qh4 17. Be3 e5 18. Ne2 Nh5 19. Qd2 h6 20. b4 Rfd8 21. Rac1
exd4 22. Bxd4 Ng3 23. Nxg3 Qxg3 24. Qc3 Nf8 25. Bb6 Rd7 26. Bc2 Bc8 27. Bf2
Rxd1+ 28. Rxd1 Qg5 29. Bb3 Bh3 30. g4 Rd8 31. Qe3 1/2-1/2

[Event "22MCRW_F"]
[Site "?"]
[Date "2010.??.??"]
[Round "?"]
[White "Kuta, Jiri"]
[Black "Laurenc, Petr"]
[Result "1/2-1/2"]
[WhiteElo "2410"]
[BlackElo "2349"]
[PlyCount "59"]
[EventDate "2010.??.??"]
[EventType "corr"]
[EventRounds "1"]
[SourceDate "2010.03.27"]

1. e4 e5 2. Nf3 Nc6 3. Bb5 a6 4. Ba4 Nf6 5. O-O Be7 6. Re1 b5 7. Bb3 d6 8. c3
O-O 9. h3 Na5 10. Bc2 c5 11. d4 Qc7 12. Nbd2 cxd4 13. cxd4 Nc6 14. Nb3 a5 15.
Be3 a4 16. Nbd2 Bd7 17. Rc1 Qb7 18. Nf1 Rfe8 19. Ng3 Bd8 20. Bb1 h6 21. a3 Na5
22. Ba2 Nc4 23. Bxc4 bxc4 24. Qc2 Rc8 25. Bd2 exd4 26. Nxd4 Bc7 27. Ndf5 Bxf5
28. Nxf5 Nxe4 29. Bc3 f6 30. f3 1/2-1/2

[Event "22MCRW_F"]
[Site "?"]
[Date "2010.??.??"]
[Round "?"]
[White "Hybl, Vladislav"]
[Black "Hladecek, Miloslav"]
[Result "1/2-1/2"]
[WhiteElo "2342"]
[BlackElo "2416"]
[PlyCount "84"]
[EventDate "2010.??.??"]
[EventType "corr"]
[EventRounds "1"]
[SourceDate "2010.03.27"]

1. e4 e6 2. d4 d5 3. Nc3 Nf6 4. Bg5 dxe4 5. Nxe4 Nbd7 6. Nf3 Be7 7. Nxf6+ Bxf6
8. h4 h6 9. Bxf6 Qxf6 10. Qd2 a6 11. O-O-O b5 12. Qe3 Bb7 13. Rh3 O-O-O 14. Bd3
Nb6 15. Rg3 Rhf8 16. c3 Nd5 17. Qe5 g6 18. Qxf6 Nxf6 19. Ne5 Nh5 20. Rg4 f6 21.
Nxg6 Rfe8 22. Re4 Bxe4 23. Bxe4 Rd6 24. g4 Ng7 25. Rg1 Kb8 26. g5 hxg5 27. hxg5
fxg5 28. Rxg5 Nf5 29. Ne5 Ne7 30. Kc2 Rf8 31. f3 Kc8 32. Kb3 Rg8 33. Rh5 Nd5
34. a4 bxa4+ 35. Kxa4 Rb6 36. Ka3 Nf6 37. Rh6 Nxe4 38. fxe4 Rg1 39. Ka2 a5 40.
Nc4 Ra6 41. Ne5 Rb6 42. Nc4 Ra6 1/2-1/2

[Event "22MCRW_F"]
[Site "?"]
[Date "2010.??.??"]
[Round "?"]
[White "Nedoma, Petr"]
[Black "Kyhos, Alois"]
[Result "0-1"]
[WhiteElo "2395"]
[BlackElo "2352"]
[PlyCount "90"]
[EventDate "2010.??.??"]
[EventType "corr"]
[EventRounds "1"]
[SourceDate "2010.03.27"]

1. e4 e5 2. Nf3 Nc6 3. Bb5 a6 4. Ba4 Nf6 5. O-O Be7 6. Re1 b5 7. Bb3 O-O 8. c3
d5 9. exd5 Nxd5 10. Nxe5 Nxe5 11. Rxe5 c6 12. d4 Bd6 13. Re1 Qh4 14. g3 Qh3 15.
Bxd5 cxd5 16. Qf3 Bf5 17. Qxd5 Rae8 18. Bd2 Bf4 19. Rxe8 Rxe8 20. Qc6 Bd7 21.
Qg2 Qh5 22. f3 Bc6 23. g4 Qg6 24. Bxf4 Re1+ 25. Kf2 Qc2+ 26. Bd2 Re8 27. a4 Qd1
28. Be3 Qd3 29. axb5 axb5 30. d5 Bxd5 31. Nd2 Rxe3 32. Kg1 Re2 33. Qg3 h5 34.
Ne4 Qe3+ 35. Nf2 hxg4 36. Rf1 gxf3 37. Qb8+ Kh7 38. Qg3 g6 39. h4 Bc4 40. Qg5
Qe6 41. Qg3 Rxb2 42. Rc1 Qe3 43. Ra1 Rd2 44. h5 Rd5 45. hxg6+ Kg7 0-1

[Event "22MCRW_F"]
[Site "?"]
[Date "2010.??.??"]
[Round "?"]
[White "Javorsky, Jan"]
[Black "Valak, Alois"]
[Result "0-1"]
[WhiteElo "2320"]
[BlackElo "2439"]
[PlyCount "142"]
[EventDate "2010.??.??"]
[EventType "corr"]
[EventRounds "1"]
[SourceDate "2010.03.27"]

1. d4 Nf6 2. c4 g6 3. Nc3 Bg7 4. e4 d6 5. f4 c5 6. d5 O-O 7. Nf3 e6 8. Be2 exd5
9. e5 Ne4 10. Nxd5 Nc6 11. O-O dxe5 12. fxe5 Nxe5 13. Bf4 Nc6 14. Bc7 Qd7 15.
Rb1 Nb4 16. Be5 Bxe5 17. Nxe5 Qe6 18. Nf3 Nxd5 19. Qxd5 Qxd5 20. cxd5 Bf5 21.
Rbc1 Rad8 22. Nh4 Bc8 23. Bd3 Rfe8 24. Rfe1 f5 25. Bb5 Bd7 26. Bxd7 Rxd7 27.
Rxc5 Re5 28. Ra5 b6 29. Nf3 Rexd5 30. Rxd5 Rxd5 31. Rc1 g5 32. g3 Kf7 33. Rc7+
Kf6 34. Rxh7 g4 35. Nh4 Rd1+ 36. Kg2 Rd2+ 37. Kg1 Ng5 38. Rh6+ Ke5 39. Rh5 Nh3+
40. Kf1 Rf2+ 41. Ke1 Ke4 42. Rh7 f4 43. Re7+ Kd3 44. Rd7+ Kc2 45. gxf4 Rxh2 46.
Nf5 Kxb2 47. Rxa7 Nxf4 48. Kf1 Rh3 49. Kg1 Rf3 50. Nh4 Rg3+ 51. Kf1 Rh3 52. Ra4
Rxh4 53. Rxf4 Kxa2 54. Rb4 Rh1+ 55. Kf2 Rb1 56. Ra4+ Kb3 57. Re4 b5 58. Rxg4 b4
59. Rg8 Kb2 60. Ke2 b3 61. Rb8 Ra1 62. Kd3 Ka2 63. Kc3 Rc1+ 64. Kd2 b2 65. Ra8+
Kb1 66. Ra7 Rc2+ 67. Kd1 Rc5 68. Kd2 Rd5+ 69. Ke3 Kc2 70. Rc7+ Kb3 71. Rb7+ Kc3
0-1

[Event "22MCRW_F"]
[Site "?"]
[Date "2010.??.??"]
[Round "?"]
[White "Sykora, Josef"]
[Black "Machotka, Jaroslav"]
[Result "1/2-1/2"]
[WhiteElo "2351"]
[BlackElo "2200"]
[PlyCount "63"]
[EventDate "2010.??.??"]
[EventType "corr"]
[EventRounds "1"]
[SourceDate "2010.03.27"]

1. d4 Nf6 2. Nf3 g6 3. c4 Bg7 4. g3 O-O 5. Bg2 c6 6. Nc3 d5 7. cxd5 cxd5 8. Ne5
Nc6 9. O-O Qb6 10. Nxc6 bxc6 11. b3 Bf5 12. Bb2 Nd7 13. Rc1 Rac8 14. Na4 Qb4
15. Qe1 Qb5 16. Qd2 Rfe8 17. Nc5 Qb8 18. Nxd7 Bxd7 19. Rc5 Bf8 20. Rc2 Qb7 21.
Ba1 Bf5 22. Rcc1 Qb6 23. h3 h5 24. e3 a5 25. f3 a4 26. g4 hxg4 27. hxg4 Bd7 28.
b4 a3 29. Bc3 Bh6 30. Kf2 Kg7 31. Rh1 Rh8 32. Rh3 1/2-1/2

[Event "22MCRW_F"]
[Site "?"]
[Date "2010.??.??"]
[Round "?"]
[White "Valak, Alois"]
[Black "Sykora, Josef"]
[Result "1/2-1/2"]
[WhiteElo "2439"]
[BlackElo "2351"]
[PlyCount "60"]
[EventDate "2010.??.??"]
[EventType "corr"]
[EventRounds "1"]
[SourceDate "2010.03.27"]

1. e4 c6 2. d4 d5 3. e5 c5 4. dxc5 e6 5. Be3 Nd7 6. Nc3 Nxe5 7. Nf3 Nc6 8. Rb1
Nf6 9. b4 Be7 10. Be2 a6 11. Na4 e5 12. O-O Rb8 13. c3 Bf5 14. Rb2 Qc7 15. Nh4
Be6 16. f4 d4 17. f5 Bd5 18. cxd4 Rd8 19. dxe5 Bxg2 20. Qd6 Bxd6 21. exd6 Qb8
22. Nxg2 Qa7 23. Kh1 h6 24. Nb6 O-O 25. Nf4 Rfe8 26. Bg1 Qb8 27. a3 Re5 28. Nd3
Ree8 29. Nf4 Re5 30. Nd3 Ree8 1/2-1/2

[Event "22MCRW_F"]
[Site "?"]
[Date "2010.??.??"]
[Round "?"]
[White "Vozda, Jindrich"]
[Black "Javorsky, Jan"]
[Result "1-0"]
[WhiteElo "2471"]
[BlackElo "2320"]
[PlyCount "117"]
[EventDate "2010.??.??"]
[EventType "corr"]
[EventRounds "1"]
[SourceDate "2010.03.27"]

1. e4 e6 2. d4 d5 3. Nc3 Nf6 4. e5 Nfd7 5. f4 c5 6. Nf3 Nc6 7. Be3 Qb6 8. Na4
Qa5+ 9. c3 b6 10. Bd2 c4 11. b4 Nxb4 12. cxb4 Bxb4 13. Qc2 Bxd2+ 14. Nxd2 b5
15. Nc3 b4 16. Nd1 Qb6 17. Nf3 O-O 18. Be2 f6 19. exf6 Nxf6 20. O-O Ne4 21.
Bxc4 dxc4 22. Qxe4 Bb7 23. Qe5 Bxf3 24. Rxf3 Rf5 25. Qe1 Rd5 26. a3 b3 27. Kh1
Rad8 28. Rc1 h6 29. h3 Qxd4 30. Nc3 R5d7 31. Qxe6+ Kh8 32. Kh2 Rd6 33. Qe5 Qxe5
34. fxe5 Rg6 35. Rd1 Re8 36. Rf4 Rc6 37. Rdd4 Ra6 38. a4 Rxe5 39. Rxc4 Ree6 40.
Rb4 Rab6 41. Rf8+ Kh7 42. Rb8 Rxb8 43. Rxb8 Re3 44. Rxb3 Rd3 45. Kg1 h5 46. h4
Kg6 47. Kf2 Kh6 48. a5 g6 49. Ke2 Rg3 50. a6 Rxg2+ 51. Ke3 Rg3+ 52. Kd4 Rg4+
53. Ne4 Rxh4 54. Rb7 Rh1 55. Rxa7 Ra1 56. Ra8 Kg7 57. a7 Ra4+ 58. Kc3 Ra1 59.
Kb3 1-0

[Event "22MCRW_F"]
[Site "?"]
[Date "2010.??.??"]
[Round "?"]
[White "Kyhos, Alois"]
[Black "Schwarz, Jan"]
[Result "1/2-1/2"]
[WhiteElo "2352"]
[BlackElo "2312"]
[PlyCount "89"]
[EventDate "2010.??.??"]
[EventType "corr"]
[EventRounds "1"]
[SourceDate "2010.03.27"]

1. e4 e5 2. Nf3 Nc6 3. d4 exd4 4. Nxd4 Bb4+ 5. c3 Bc5 6. Be3 Bb6 7. Bc4 Ne5 8.
Be2 Nf6 9. Nd2 O-O 10. f4 Ng6 11. O-O Re8 12. Bf3 d6 13. g3 Bh3 14. Re1 c5 15.
Nc2 Qd7 16. Bf2 Bg4 17. Ne3 Bxf3 18. Qxf3 Bc7 19. Re2 Rad8 20. c4 Ba5 21. Nb3
Bc7 22. Nf5 b5 23. cxb5 Qxb5 24. Rae1 a5 25. Nd2 a4 26. g4 h6 27. h4 Ba5 28. g5
hxg5 29. hxg5 Nxe4 30. Nxe4 Bxe1 31. Bxe1 d5 32. Qc3 d4 33. Qf3 d3 34. Ned6
Rxe2 35. Nxb5 Rxe1+ 36. Kf2 d2 37. Nc3 d1=Q 38. Nxd1 Rexd1 39. Qc3 R8d2+ 40.
Ke3 Rd3+ 41. Qxd3 Rxd3+ 42. Kxd3 Nxf4+ 43. Kc4 Kh7 44. Nd6 Kg6 45. b3 1/2-1/2

[Event "22MCRW_F"]
[Site "?"]
[Date "2010.??.??"]
[Round "?"]
[White "Hladecek, Miloslav"]
[Black "Nedoma, Petr"]
[Result "1/2-1/2"]
[WhiteElo "2416"]
[BlackElo "2395"]
[PlyCount "113"]
[EventDate "2010.??.??"]
[EventType "corr"]
[EventRounds "1"]
[SourceDate "2010.03.27"]

1. d4 Nf6 2. Nf3 d5 3. c4 c6 4. e3 e6 5. Bd3 Nbd7 6. Nbd2 Be7 7. O-O c5 8. cxd5
exd5 9. b3 O-O 10. Bb2 b6 11. Ne5 Bb7 12. Rc1 Bd6 13. Re1 Ne4 14. Nxe4 dxe4 15.
Bc4 Bxe5 16. dxe5 Qe7 17. Qd6 Rae8 18. Red1 Nxe5 19. Bxe5 Qxe5 20. Qxe5 Rxe5
21. Rd7 Bc8 22. Rxa7 Be6 23. Rd1 Bxc4 24. bxc4 Ree8 25. Rb1 Ra8 26. Rxa8 Rxa8
27. Rxb6 h5 28. Rb5 Rxa2 29. h4 Rc2 30. Rxc5 g6 31. Rc8+ Kg7 32. c5 Kf6 33. c6
Ke7 34. c7 Rc1+ 35. Kh2 Rc5 36. Kg3 Kd6 37. Re8 Rxc7 38. Rxe4 Ra7 39. Rb4 Ke5
40. Rb5+ Ke4 41. Rb2 Rc7 42. Rb3 Ke5 43. Rb5+ Ke4 44. Rb8 Ke5 45. Kf3 Rc5 46.
g3 Ke6 47. e4 Ke5 48. Re8+ Kf6 49. Kf4 Kg7 50. Re7 Rb5 51. Rc7 Kf8 52. Rc6 Rb2
53. f3 Ke7 54. Ra6 Rb1 55. Ra2 Kf6 56. Ra6+ Ke7 57. Ra4 1/2-1/2